LEADER 01238nam a2200265 i 4500 001 000000068540 003 CaOOAMICUS 005 20140520000000.0 008 140520s1883 xx u000 u ger u 013 $a39712 040 $aSeMil$bita 100 1 $aKant, Immanuel,$d<1724-1804>.$0(OLS)http://semarc/name/2543 245 10$aÜber Pädagogik :$bmit Kant's Biographie /$cImmanuel Kant ; herausgegeben von Theodor Vogt. 250 $a2. Aufl. 260 $aLangensalza :$bBeyer & Söhne,$c1883. 300 $a127 p. ;$c20 cm. 490 0 $aBibliothek pädagogischer Klassiker : eine Sammlung der bedeutendsten pädagogischen Schriften älterer und neuerer Zeit ;$v13 600 14$aKant, Immanuel <1724-1804>.$0(OLS)http://semarc/subject/7657 650 4$aPedagogia.$0(OLS)http://semarc/subject/1060 700 1 $aVogt, Theodor.$0(OLS)http://semarc/name/34182 830 0$aBibliothek pädagogischer Klassiker ;$v13.$0(OLS)http://semarc/title/17463 850 $aSeMil 852 $aSeMil$W1$xVenegono$y1$m2Q III 8 FA$j34693$B34693$CSeMilBibl$Z2$F34696 $8I 996 $6245$aÜber Pädagogik :$bmit Kant's Biographie$9(OLS)http://semarc/title/109441 996 $6260$aLangensalza :$bBeyer & Söhne$9(OLS)http://semarc/publisher/33599 LEADER 00877nam a2200241 i 4500 001 000000074138 003 CaOOAMICUS 005 20150921000000.0 008 150921s2000 it u000 u ita u 013 $a45310 040 $aSeMil$bita 100 1 $aStella, Paolino.$0(OLS)http://semarc/name/23887 245 10$aLuigi Sturzo Sacerdote /$cPaolino Stella. 250 $a4. edizione. 260 $aCaltagirone :$bPegaso,$c2000. 300 $a263 p. :$bill. ;$c24 cm. 500 $aContiene : Appendice. 600 14$aSturzo, Luigi .$0(OLS)http://semarc/subject/414 850 $aSeMil 852 $aSeMil$W1$xVenegono$y1$m3N V 419$j40290$B40290$CSeMilBibl$Z2$F40294 $81 961 $aOmaggio: Donazione 996 $6245$aLuigi Sturzo Sacerdote$9(OLS)http://semarc/title/120296 996 $6260$aCaltagirone :$bPegaso$9(OLS)http://semarc/publisher/43186